000 00693cam a22001811 4500
082 _a620.1
_bCHA
_cL-13, P-35
100 1 _aCharnock, George Frederick,
_940634
245 1 0 _aMechanical technology;
_bbeing a treatise on the materials and preparatory processes of the mechanical industries,
_cby G. F. Charnock ...
250 _a2d ed., rev. and enl.
260 _aLondon,
_bConstable & company ltd.
_c[1934]
300 _axii, 725 p.
_billus., fold. plates, tables (1 fold.) diagrs.
_c23 cm.
526 _a0
_b0
_c0
_d620_100000000000000_CHA
650 0 _aMCE
_9379
650 0 _aMetal-work
_934700
650 0 _aTechnology
700 1 _aPartington, Frederick William.
_940635
942 _2ddc
_cBK
999 _c544889
_d544889